Statistics for ncaa football national championship winners

Click here to take the quiz!

General Stats

  • This quiz has been taken 243 times
  • The average score is 140 of 190

Answer Stats

YearAnswer% Correct
1980 | 2021Georgia
100%
1925 | 1926 | 1930 | +13 othersAlabama
98%
1981 | 2016 | 2018Clemson
95%
1996 | 2006 | 2008Florida
92%
1908 | 1958 | 2003 | +2 othersLSU
92%
1948MIchigan
92%
1901 | 1902 | 1903 | +5 othersMichigan
92%
1942 | 1954 | 1957 | +4 othersOhio St
92%
1961Ohio State
92%
1963 | 1969 | 1970 | 2005Texas
92%
1993 | 1999 | 2013Florida St
86%
1931 | 1932 | 1962 | +5 othersSouthern California
85%
2003Southern Carolina
84%
1983 | 1987 | 1989 | +2 othersMiami (Fla.)
82%
1950 | 1955 | 1956 | +4 othersOklahoma
79%
1970 | 1971 | 1994 | +2 othersNebraska
78%
1911 | 1912 | 1982 | 1986Penn St
77%
1919 | 1924 | 1929 | +10 othersNotre Dame
76%
1954UCLA
76%
1991Washington
76%
1957 | 2010Auburn
75%
1874 | 1876 | 1877 | +15 othersYale
75%
1952 | 1965 | 1966Michigan St
73%
1875 | 1890 | 1898 | +5 othersHarvard
71%
1951Tennessee
70%
1869 | 1870 | 1872 | +12 othersPrinceton
69%
1998Tennessee
66%
1917 | 1928 | 1990Georgia Tech
61%
1958Iowa
58%
1910 | 1916 | 1918 | +2 othersPittsburgh
58%
1990Colorado
57%
1869Rutgers
57%
1919 | 1939Texas A&M
56%
1914 | 1944 | 1945Army
55%
1934 | 1935 | 1936 | +3 othersMinnesota
55%
1938Texas Christian
54%
1926Stanford
52%
1964Arkansas
51%
1959Syracuse
51%
1919 | 1923 | 1927Illinois
50%
1953Maryland
50%
1960Mississippi
45%
1915 | 1921 | 1922Cornell
34%
1920 | 1921 | 1922California
33%
1984Brigham Young
25%
1905Chicago
22%
1895 | 1897 | 1904 | 1908Pennsylvania
19%
1896Lafayette
11%

Score Distribution

Percentile by Number Answered

Percent of People with Each Score

Your Score History

You have not taken this quiz